LEADER 02832nam 2200589 450 001 9910453555103321 005 20200520144314.0 010 $a0-19-981356-6 035 $a(CKB)2550000001176585 035 $a(EBL)1591480 035 $a(SSID)ssj0000951385 035 $a(PQKBManifestationID)12361643 035 $a(PQKBTitleCode)TC0000951385 035 $a(PQKBWorkID)10885491 035 $a(PQKB)10108283 035 $a(MiAaPQ)EBC1591480 035 $a(Au-PeEL)EBL1591480 035 $a(CaPaEBR)ebr10823183 035 $a(CaONFJC)MIL557871 035 $a(OCoLC)867929952 035 $a(EXLCZ)992550000001176585 100 $a20140113d2011 uy 0 101 0 $aeng 135 $aurcnu|||||||| 181 $ctxt 182 $cc 183 $acr 200 10$aRheumatoid arthritis /$fMichael H. Weisman 210 1$aNew York :$cOxford University Press,$d2011. 210 4$dİ2011 215 $a1 online resource (102 p.) 225 0$aOxford American rheumatology library 300 $aDescription based upon print version of record. 311 $a0-19-975421-7 311 $a1-306-26620-3 320 $aIncludes bibliographical references at the end of each chapters and index. 327 $aCover; Contents; Acknowledgment; 1 History of Rheumatoid Arthritis; 2 Definition and Classification; 3 Epidemiology; 4 Pathogenesis; 5 Clinical Signs and Symptoms; 6 Comorbidities and Rheumatoid Arthritis; 7 Pregnancy; 8 Outcome Measurement; 9 Laboratory and Imaging Assessments; 10 Differential Diagnosis; 11 Medications to Manage Rheumatoid Arthritis; 12 Economic Impact and Disability Issues; 13 Prognosis; Glossary; Appendix: Rheumatoid Arthritis Resource Materials; HAQ-DI Disability Index; Index; 330 $aRheumatoid arthritis is a common but often debilitating disorder. Given the intricate and challenging nature of treating rheumatoid arthritis, it is imperative to educate physicians on the disease's initial symptoms and complications, as well as to provide accurate and up-to-date information regarding effective treatment. Designed to help eradicate misconceptions concerning rheumatoid arthritis and its treatment, this concise volume helps clinicians to understand and then effectively diagnose and treat patients with the condition. Part of the Oxford American Rheumatology Library, this concise 606 $aRheumatoid arthritis$xDiagnosis 606 $aRheumatoid arthritis$xTreatment 608 $aElectronic books. 615 0$aRheumatoid arthritis$xDiagnosis. 615 0$aRheumatoid arthritis$xTreatment. 676 $a616.7/227 700 $aWeisman$b Michael H$0903546 801 0$bMiAaPQ 801 1$bMiAaPQ 801 2$bMiAaPQ 906 $aBOOK 912 $a9910453555103321 996 $aRheumatoid arthritis$92060269 997 $aUNINA LEADER 04458oam 2200685I 450 001 9910960266803321 005 20251116205425.0 010 $a1-317-71089-4 010 $a1-58391-187-1 010 $a1-315-78323-1 010 $a1-317-71090-8 024 7 $a10.4324/9781315783239 035 $a(CKB)2550000001331229 035 $a(EBL)1743907 035 $a(OCoLC)884016988 035 $a(SSID)ssj0001400279 035 $a(PQKBManifestationID)11784292 035 $a(PQKBTitleCode)TC0001400279 035 $a(PQKBWorkID)11338057 035 $a(PQKB)10125196 035 $a(MiAaPQ)EBC1743907 035 $a(Au-PeEL)EBL1743907 035 $a(CaPaEBR)ebr10897116 035 $a(CaONFJC)MIL628323 035 $a(OCoLC)889315816 035 $a(FINmELB)ELB136769 035 $a(EXLCZ)992550000001331229 100 $a20180331d2012 uy 0 101 0 $aeng 135 $aur|n|---||||| 181 $ctxt 182 $cc 183 $acr 200 10$aBullying among prisoners $eevidence, research and intervention strategies /$fJane L. Ireland 205 $a1st ed. 210 1$aLondon ;$aNew York :$cRoutledge,$d2012. 215 $a1 online resource (256 p.) 300 $a"First published 2002 by Brunner-Routledge"--T.p. verso. 311 08$a1-58391-186-3 311 08$a1-306-97072-5 320 $aIncludes bibliographical references and index. 327 $a""Cover""; ""Half Title""; ""Title Page""; ""Copyright Page""; ""Dedication""; ""Table of Contents""; ""List of figures""; ""List of tables""; ""Foreword""; ""Preface""; ""Acknowledgements""; ""1 Bullying in prison: the research field to date""; ""Why study bullying among prisoners?""; ""Defining aggression""; ""What is bullying and how does it relate to aggression?""; ""What research has been done into prison bullying?""; ""How has the research field evolved?""; ""Summary""; ""2 Defining and measuring bullying in a prison environment""; ""Defining bullying in a prison environment"" 327 $a""Measuring bullying: the methods used""""Problems in measuring bullying in a prison environment""; ""What guidelines should researchers follow?""; ""Summary""; ""3 The extent and nature of bullying""; ""The extent of bullying""; ""The nature of bullying""; ""Sex differences in bullying""; ""Age differences in bullying""; ""Environmental differences in bullying""; ""Summary""; ""4 Why does bullying occur among prisoners?""; ""Why do prisoners think bullying occurs?""; ""The physical environment""; ""The social environment""; ""Individual characteristics"" 327 $a""A model to explain bullying in prisons""""Summary""; ""5 Characteristics of bullies and victims""; ""The groups involved in bullying""; ""Perceived characteristics of bullies and victims""; ""Actual characteristics of bullies and victims""; ""What characteristics are important?""; ""Summary""; ""6 Reactions to bullying""; ""Emotional responses""; ""Avoidance and social isolation""; ""Aggressive responses""; ""Self-injurious behaviour""; ""Summary""; ""7 Strategies: 1 preventing bullying""; ""Focus of research""; ""Themes of intervention""; ""What makes an effective strategy?""; ""Summary"" 327 $a""8 Strategies: 2 reacting to bullying""""Themes of intervention""; ""Accounting for the different groups involved in bullying""; ""What makes an effective strategy?""; ""Summary""; ""Notes""; ""Bibliography""; ""Index"" 330 $aBullying in prisons can have severe consequences both for those directly involved and for the prison regime as a whole, yet the subject has been curiously neglected in the literature. In 1993, the Prison Service introduced their first anti-bullying strategy, and since then there has been a great deal of research on the subject. Bullying Among Prisoners summarises this research, and seeks to answer some important questions.Bullying Among Prisoners identifies problems in defining and measuring bullying, along with proposing guidelines on how research in this field should be conducted. The book c 606 $aPrison psychology 606 $aBullying$xPrevention 615 0$aPrison psychology. 615 0$aBullying$xPrevention. 676 $a155.9/62 676 $a155.962 700 $aIreland$b Jane L.$0727188 801 0$bMiAaPQ 801 1$bMiAaPQ 801 2$bMiAaPQ 906 $aBOOK 912 $a9910960266803321 996 $aBullying among prisoners$91421616 997 $aUNINA